Normal view MARC view

Entry Nombre personal

Number of records used in: 1

001 - NÚMERO DE CONTROL

  • campo de control: 920

003 - IDENTIFICADOR DE NÚMERO DE CONTROL

  • campo de control: AR-BaBN

005 - FECHA Y HORA DE LA ÚLTIMA TRANSACCIÓN

  • campo de control: 20260318123454.0

008 - ELEMENTOS DE DATO DE LONGITUD-FIJA

  • campo de control de longitud fija: 880404nn acannaabn |a aaa

010 ## - NÚMERO DE CONTROL DE LA BIBLIOTECA DEL CONGRESO

  • Número de control de LC: n 88625089

016 7# - NÚMERO DE CONTROL DE UNA AGENCIA BIBLIOGRÁFICA NACIONAL

  • Número de control del registro: 000023838
  • Fuente: AR-BaBN

024 7# - IDENTIFICADOR DE OTROS ESTÁNDARES

  • Número estándar o código: 54153081
  • Fuente: viaf
  • URI de un objeto del mundo real: http://viaf.org/viaf/54153081

040 ## - FUENTE DE CATALOGACIÓN

  • Centro catalogador/agencia de origen: DLC
  • Lengua de catalogación: spa
  • Centro/agencia transcriptor: DLC
  • Centro/agencia modificador: OCoLC
  • Centro/agencia modificador: AR-BaBN

046 ## - FECHAS CON CODIFICACIÓN ESPECIAL

  • Fecha de nacimiento: 1924
  • Fuente del esquema de fecha: edtf

075 ## - TIPO DE ENTIDAD

  • Término tipo de entidad: persona
  • Fuente: rda

100 1# - ENCABEZAMIENTO-NOMBRE DE PERSONA

  • Nombre de persona: Raimbault, Ginette,
  • Fechas asociadas al nombre: 1924-

400 1# - TRAZADO DE VÉASE--NOMBRE DE PERSONA

  • Nombre de persona: Girardey, Ginette,
  • Fechas asociadas al nombre: 1924-

670 ## - FUENTE DE DATOS ENCONTRADOS

  • Cita de la fuente: Clinique du réel, c1982:
  • Información encontrada: (encab. on CLU rept.: Raimbault, Ginette; uso: Ginette Raimbault)

670 ## - FUENTE DE DATOS ENCONTRADOS

  • Cita de la fuente: LC base de datos, 4/4/88:
  • Información encontrada: (encab.: Raimbault, Ginette)

670 ## - FUENTE DE DATOS ENCONTRADOS

  • Cita de la fuente: BN Francia, cat. aut., 12-10-2012:
  • Información encontrada: (Raimbault, Ginette (1924-....) Nacionalidad: francesa; lengua: francesa; sexo; femenino; n: 28-04-1924, Alger; Dr. en medicina (París, 1956), Directora de investigaciones en INSERM, Instituto Nacional de la salud e investigación médica, 1984-1990)